Find the Stickmans guessing - Statistics

General Stats
  • This quiz has been taken 5 times
  • The average score is 22 of 100
Answer Stats
Answer % Correct
Stickman
100%
Cool Stickman
40%
Easy Stickman
40%
Glitch Stickman
40%
Rainbow Stickman
40%
Red Stickman
40%
Sakura Stickman
40%
Snowman Stickman
40%
Tree Stickman
40%
Trollman
40%
Void Stickman
40%
Wall Stickman
40%
Yellow Stickman
40%
Angel Stickman
20%
Aquarel Stickman
20%
Backrooms Stickman
20%
bidafact2 Stickman
20%
Black Hole Stickman
20%
Bluescreen Stickman
20%
Burnt Stickman
20%
Cactus Stickman
20%
Celestial Stickman
20%
City Stickman
20%
CMD Stickman
20%
Constellation Stickman
20%
Coral Stickman
20%
Crying Statue Stickman
20%
Demon Stickman
20%
Died Stickman
20%
Divine Stickman
20%
Earth Stickman
20%
Ectoplasm Stickman
20%
Error Stickman
20%
False Stickman
20%
Fisch Stickman
20%
Frame Stickman
20%
Graffiti Stickman
20%
Hard Stickman
20%
Hexadecimal Stickman
20%
Homage Stickman
20%
Ice Stickman
20%
Infernal Demon Stickman
20%
Infinity Stickman
20%
Intense Stickman
20%
Intergalacticman
20%
Inverted Stickman
20%
Japan Stickman
20%
Lava Lamp Stickman
20%
Lava Stickman
20%
Magma Stickman
20%
Malware Stickman
20%
Medium Stickman
20%
Meteor Rain Stickman
20%
Meteor Shower Stickman
20%
Midnight Stickman
20%
Missing Texture Stickman
20%
Moon Stickman
20%
Neutron Star Stickman
20%
NXdark5 Stickman
20%
Ocean Stickman
20%
Opposite Stickman
20%
Owner Stickman
20%
Party Stickman
20%
Piracy Stickman
20%
Possessed Stickman
20%
Pyramid Stickman
20%
Road Stickman
20%
Roofman
20%
RUN Stickman
20%
Samurai Stickman
20%
Sand Stickman
20%
Secret Stickman
20%
Shadow Stickman
20%
Sky Stickman
20%
Sleeping Stickman
20%
Snow Stickman
20%
Space Stickman
20%
Spirit Stickman
20%
Star Stickman
20%
Steaming Stickman
20%
Stickman Emoji
20%
Stickman.exe
20%
Stickman in a car
20%
Stickman.png
20%
Stickman.txt
20%
Sun Stickman
20%
Super Secret Stickman
20%
Teardrop Stickman
20%
Temple Stickman
20%
Thunder Stickman
20%
Traffic Cone Stickman
20%
Trashman
20%
Treasure Stickman
20%
True Stickman
20%
Waterfall Stickman
20%
Zombie Stickman
20%
1K Visits Stickman
0%
Classic House Stickman
0%
Geothermal Stickman
0%
Parkour Stickman
0%
No matching quizzes found
Score Distribution
Percent of People with Each Score
Percentile by Number Answered
Your Score History
You have not taken this quiz